000 nam a22 c 4500
999 _c390777
_d390777
003 BLK
005 20201028132419.0
008 180410b bul|||||r ||||||| ||bul||
010 _aKNG00168535000
040 _aBLK
041 _aFRE
_cFRE
072 7 _2bullib
_aЦ
_xРедки и ценни
080 _aМорал и общество. Човешки отношения. Уважение. Независимост. Вж и 395
_b177
_z177
100 _aPontsevrez, Paul de
_eпърви автор
_9435713
139 _aPontsevrez, Paul de
245 1 0 _aCours elementaire de morale
_cPaul de Pontsevrez.
_bMorale pratique, principes generaux de la morale, theorie des methodes scientifiques.
257 _aFRA
260 _aParis
_bLibr. Hachette
_c1883
_9215648
300 _a421 с.
_c18 см
380 _a1
490 _aКолекция Редки и ценни издания
_9435080
650 4 _aМорал - философски проблеми
_9252066
653 _aморал
653 _aнравственост
659 _aЦ
852 _aРф 883
_bРц
856 4 _qpdf
856 4 _qpdf
942 _cKNG
_n0
_s1
944 _aCR
_c2020-10-28
_kTD
944 _aED
_c10.12.2014
_kНаталия_Медовщикова
999 _d390777
999 _d161228
999 _d161228
999 _d161228
999 _d161228